政令指定都市で人口最多の区 - Statistics

General Stats
  • This quiz has been taken 7 times
  • The average score is 17 of 20
Answer Stats
Hint Answer % Correct
仙台市 29万人 仙台市青葉区
100%
新潟市 17万人 新潟市中央区
100%
静岡市 24万人 静岡市葵区
100%
浜松市 60万人 浜松市中央区
100%
神戸市 23万人 神戸市西区
100%
岡山市 29万人 岡山市北区
100%
広島市 24万人 広島市安佐南区
100%
千葉市 21万人 千葉市中央区
86%
川崎市 26万人 川崎市中原区
86%
横浜市 35万人 横浜市港北区
86%
相模原市 27万人 相模原市南区
86%
名古屋市 24万人 名古屋市緑区
86%
堺市 15万人 堺市北区
86%
北九州市 24万人 北九州市八幡西区
86%
福岡市 32万人 福岡市東区
86%
熊本市 19万人 熊本市東区
86%
札幌市 28万人 札幌市北区
71%
さいたま市 19万人 さいたま市南区
71%
京都市 26万人 京都市伏見区
71%
大阪市 18万人 大阪市平野区
57%
No matching quizzes found
Score Distribution
Percent of People with Each Score
Percentile by Number Answered
Your Score History
You have not taken this quiz